| 000 | 00695nam a2200229 a 4500 | ||
|---|---|---|---|
| 001 | 68378 | ||
| 003 | BD-RjUL | ||
| 005 | 20211209081749.0 | ||
| 008 | 170402s1906 enk||||| |||| 00| 0 eng d | ||
| 035 | _a(BD-RjUL)68588 | ||
| 040 |
_aBD-RjUL _beng _cBD-RjUL _dBD-RjUL |
||
| 041 | _aeng | ||
| 082 |
_223 _a951.01 _bOLC 1906 |
||
| 100 |
_aOld, W. Gorn _9202724 |
||
| 245 |
_aThe classics of Confucius : _bbook of history (Shu king) / _cW. Gorn Old |
||
| 260 |
_aLondon : _bJohn Murray, _c1906. |
||
| 300 |
_a67 p. ; _c14 cm. |
||
| 490 | _aThe wisdom of the East series. | ||
| 651 |
_aChina _yEarly history to 960 _9202725 |
||
| 830 |
_aThe wisdom of the East series. _9167042 |
||
| 942 |
_2ddc _cBK |
||
| 999 |
_c68378 _d68378 |
||